000 00963nas a2200313 4500
001 BR7905930
003 BR-BrBNA
005 20231205083942.0
007 ta
008 230509b bl.|||p| |||| 00| 00por d
040 _aBR-BrBNA
_bpor
_cBiblioteca Nacional de Agricultura
041 _a(Pt)
072 _aK10; F50
100 1 _aMattei, V.L.
100 1 _aStoehr, G.W.D.
100 1 _aMalinovski, J.R.
245 1 _aCaracteristicas morfologicas e profundidade de semeadura de sementes de Araucaria angustifolia (Bert)O. Ktze [Pinheiro-do-Parana; Brasil]
650 _aProducao florestal
650 _aEstrutura vegetal
650 _aPinheiro-do-Parana
650 _aSemente
650 _aSemeadura
650 _aPinha
650 _aFruta de Conde
650 _aMorfologia vegetal
773 0 _tFloresta (Brazil)
_xISSN 0015-3826
_g(Dec 1979), v. 10(2) p. 46-54
_wBR7905930
909 _a202311
_bLúcia
_c55
_dLúcia Elande
942 _2AGRIS
_n0
_cANA
999 _c102228
_d102228